000 00596nam a2200205Ia 4500
005 20250508165516.0
008 008 250505s9999 xx 000 0 eng d
020 _a978-93-325-4130-6
037 _aReference
040 _aFEDL
_beng
_cFEDL
041 _aeng
_2eng
084 _a155.4, SAN/RR
_qFEDL
100 _aSandeep Kumar
245 0 _aChild Development and pedagogy
260 _aNoida, India
_bPearson India Education Services Pvt. Ltd
_c2015
300 _axiv, 266p.
546 _aGifted by the Author
942 _cREF
_h155.4, SAN/RR
999 _c1395556
_d1395556